[Event "Politiken Cup"]
[Site "Copenhagen"]
[Date "2006.07.26"]
[Round "5.24"]
[White "Nielsen, Max"]
[Black "Friesen, Boris"]
[Result "1/2-1/2"]
[WhiteElo "2267"]
[BlackElo "2146"]
[PlyCount "32"]
[EventDate "2006.??.??"]

1. e4 e6 2. d4 d5 3. Nc3 Nf6 4. Bg5 dxe4 5. Nxe4 Be7 6. Bxf6 Bxf6 7. Nf3 Bd7 8.
Bd3 Bc6 9. c3 Bxe4 10. Bxe4 c6 11. Qc2 g6 12. O-O-O Nd7 13. Rhe1 O-O 14. g3 Qa5
15. Kb1 Bg7 16. h4 Nf6 1/2-1/2

[Event "Politiken Cup"]
[Site "Copenhagen"]
[Date "2006.07.26"]
[Round "5.25"]
[White "Lilja, Richard"]
[Black "Semcesen, Daniel"]
[Result "0-1"]
[WhiteElo "2129"]
[BlackElo "2266"]
[PlyCount "76"]
[EventDate "2006.??.??"]

1. e4 c5 2. Nc3 Nc6 3. Bb5 Nd4 4. Bc4 e6 5. Nf3 Nf6 6. O-O d5 7. exd5 exd5 8.
Nxd4 dxc4 9. Nf3 Be7 10. Qe2 Bf5 11. Qxc4 Bxc2 12. Qb5+ Qd7 13. Re1 Qxb5 14.
Nxb5 Kf8 15. d4 a6 16. Nc7 Rc8 17. Bf4 c4 18. Rac1 Bd3 19. Re3 Rd8 20. a3 Ng4
21. Ree1 Nf6 22. Re3 Ng4 23. Ree1 Nh6 24. Ne5 Nf5 25. d5 g5 26. Nxd3 cxd3 27.
Be5 d2 28. Bxh8 dxe1=Q+ 29. Rxe1 Bd6 30. Be5 Rc8 31. g4 Bxe5 32. Rxe5 Nd6 33.
Nxa6 bxa6 34. Rxg5 Rc2 35. Rh5 Kg7 36. g5 Rxb2 37. Rh6 Rb6 38. a4 a5 0-1

[Event "Politiken Cup"]
[Site "Copenhagen"]
[Date "2006.07.26"]
[Round "5.26"]
[White "Penalver, Osmani"]
[Black "Albrecht, Rainer"]
[Result "1/2-1/2"]
[WhiteElo "2126"]
[BlackElo "2256"]
[PlyCount "39"]
[EventDate "2006.??.??"]

1. d4 e6 2. c4 f5 3. g3 Nf6 4. Bg2 Be7 5. Nf3 O-O 6. O-O d6 7. Nc3 Ne4 8. Qc2
Nxc3 9. bxc3 Nc6 10. e4 e5 11. c5 fxe4 12. Qxe4 d5 13. Qe3 e4 14. Ng5 Na5 15.
h4 c6 16. f3 h6 17. Nh3 exf3 18. Rxf3 Bf5 19. Qf2 Qd7 20. Kh2 1/2-1/2

[Event "Politiken Cup"]
[Site "Copenhagen"]
[Date "2006.07.26"]
[Round "5.27"]
[White "Hanssen, Gunnar Berg"]
[Black "Forsaa, Espen"]
[Result "1/2-1/2"]
[WhiteElo "2254"]
[BlackElo "2065"]
[PlyCount "48"]
[EventDate "2006.??.??"]

1. Nf3 d5 2. d4 Nf6 3. c4 c6 4. Nc3 e6 5. g3 dxc4 6. Bg2 c5 7. Qa4+ Bd7 8. Qxc4
Qb6 9. O-O cxd4 10. Nxd4 Nc6 11. Nxc6 bxc6 12. a3 Nd5 13. e4 Nxc3 14. Qxc3 Qc5
15. Qd3 e5 16. Rd1 Bg4 17. Bf3 Be6 18. b4 Qb6 19. Bb2 f6 20. Bh5+ g6 21. Be2
Be7 22. Qc2 c5 23. Qa4+ Kf7 24. b5 a6 1/2-1/2

[Event "Politiken Cup"]
[Site "Copenhagen"]
[Date "2006.07.26"]
[Round "5.28"]
[White "Larsen, Andreas"]
[Black "Wustefeld, Carl"]
[Result "0-1"]
[WhiteElo "1975"]
[BlackElo "2248"]
[PlyCount "60"]
[EventDate "2006.??.??"]

1. e4 d5 2. Nc3 d4 3. Nce2 e5 4. Nf3 f6 5. Ng3 Be6 6. Nxe5 fxe5 7. Qh5+ Kd7 8.
Qxe5 Nc6 9. Bb5 Qf6 10. Bxc6+ bxc6 11. Qa5 Bd6 12. O-O g5 13. d3 h6 14. c4 Ne7
15. c5 Be5 16. Ne2 Ng6 17. b4 a6 18. Rb1 h5 19. Qa4 Rhg8 20. Nxd4 Bxd4 21. Be3
Nf4 22. b5 axb5 23. Qd1 Rxa2 24. Rb4 Bc3 25. e5 Qxe5 26. Re4 Qd5 27. Bxf4 gxf4
28. Qf3 Ra4 29. h4 Rg4 30. d4 Rxd4 0-1

[Event "Politiken Cup"]
[Site "Copenhagen"]
[Date "2006.07.26"]
[Round "5.29"]
[White "Berry, Neil"]
[Black "Laksman, Efraim"]
[Result "1/2-1/2"]
[WhiteElo "2334"]
[BlackElo "2089"]
[PlyCount "95"]
[EventDate "2006.??.??"]

1. d4 Nf6 2. c4 e6 3. Nf3 b6 4. g3 Bb7 5. Bg2 Ne4 6. O-O f5 7. Ng5 Nd6 8. Bxb7
Nxb7 9. e4 Be7 10. exf5 O-O 11. Qf3 c6 12. Qh5 h6 13. Ne4 exf5 14. Nec3 Bg5 15.
Bxg5 Qxg5 16. Qxg5 hxg5 17. Nd2 Nd6 18. Rfe1 Na6 19. b3 Nb4 20. Rad1 Rae8 21.
Nf3 Nf7 22. Kg2 g6 23. a3 Nc2 24. Re2 Rxe2 25. Nxe2 Re8 26. Kf1 Nxa3 27. Ra1
Nc2 28. Rxa7 g4 29. Ne5 Nxd4 30. Nxf7 Rxe2 31. Rxd7 Rd2 32. Ne5 Nxb3 33. Rxd2
Nxd2+ 34. Ke2 Nf3 35. Nxc6 Kf7 36. Ke3 g5 37. Nb4 Ke6 38. Nd5 Ke5 39. Nxb6 f4+
40. gxf4+ gxf4+ 41. Ke2 Nxh2 42. c5 Nf3 43. Nd7+ Ke6 44. Nb6 Ne5 45. Kf1 Nd7
46. Na4 Kd5 47. Nc3+ Kxc5 48. f3 1/2-1/2

[Event "Politiken Cup"]
[Site "Copenhagen"]
[Date "2006.07.26"]
[Round "5.30"]
[White "Aabling-Thomsen, Jakob"]
[Black "Thomassen, Thomas"]
[Result "1-0"]
[WhiteElo "2271"]
[BlackElo "2079"]
[PlyCount "189"]
[EventDate "2006.??.??"]

1. e4 c5 2. Nf3 Nc6 3. Nc3 e5 4. Bc4 Be7 5. d3 Nf6 6. Nd5 O-O 7. Nxe7+ Qxe7 8.
Bg5 d6 9. c3 h6 10. Bh4 Be6 11. Qe2 Rfe8 12. h3 a6 13. g4 g5 14. Bg3 d5 15. Bb3
dxe4 16. dxe4 Bxb3 17. axb3 Rad8 18. h4 Nh7 19. hxg5 hxg5 20. Kf1 Qe6 21. Kg2
Qxg4 22. Rh6 Re6 23. Rh2 Nf6 24. Rah1 Kg7 25. Qe3 Nxe4 26. Rh7+ Kf6 27. R1h4
gxh4 28. Rxh4 Qf5 29. Rxe4 Rh8 30. Nh4 Qh7 31. Kf1 Qh5 32. Nf3 Kg7 33. Ke1 Qf5
34. Nh4 Qh5 35. Qxc5 Rd8 36. f3 f5 37. Re2 Qg5 38. Kf1 Rd1+ 39. Re1 Rd2 40. Bf2
Rh6 41. Be3 Qxh4 42. Bxd2 Rg6 43. Ke2 Rg2+ 44. Kd1 Qf2 45. Qd5 f4 46. b4 Kf6
47. Kc1 Rg1 48. Kd1 Rg2 49. Rh1 Rg1+ 50. Rxg1 Qxg1+ 51. Be1 Qf1 52. Qe4 Qh1 53.
Kc2 Qh3 54. Kb3 Qe6+ 55. Ka3 Ke7 56. Qh7+ Qf7 57. Bh4+ Ke6 58. Qd3 Qf5 59. Qc4+
Kd7 60. Bf2 Qe6 61. Qe4 Qf7 62. Bb6 Ke8 63. Qd3 Qe6 64. Bc5 Ne7 65. Qh7 Kd7 66.
Qg7 Kd8 67. Qf8+ Kd7 68. Qb8 Qd5 69. Qf8 Qe6 70. c4 Nc6 71. Qg7+ Ne7 72. b3 Kd8
73. Qh7 Kd7 74. Qg7 Kd8 75. Bf2 Kd7 76. Bh4 Kd6 77. Qf8 Qd7 78. Bf6 Ke6 79. Bg7
Qd4 80. Qf6+ Kd7 81. Qxe5 Qxe5 82. Bxe5 Ng6 83. Bf6 Ke6 84. Bg5 Kf5 85. Bh6 Ne5
86. Ka4 b6 87. c5 bxc5 88. bxc5 Nc6 89. b4 Ke5 90. b5 axb5+ 91. Kxb5 Nd4+ 92.
Kb6 Kd5 93. Bxf4 Nxf3 94. c6 Nd4 95. c7 1-0

[Event "Politiken Cup"]
[Site "Copenhagen"]
[Date "2006.07.26"]
[Round "5.31"]
[White "Roelvaag, Mikael"]
[Black "Urkedal, Frode"]
[Result "1/2-1/2"]
[WhiteElo "2282"]
[BlackElo "2070"]
[PlyCount "101"]
[EventDate "2006.??.??"]

1. c4 Nf6 2. g3 e5 3. Bg2 c6 4. d4 Bb4+ 5. Bd2 Bxd2+ 6. Qxd2 d6 7. Nc3 O-O 8.
e3 exd4 9. Qxd4 Qb6 10. Qxb6 axb6 11. O-O-O Be6 12. b3 Rd8 13. Nh3 Na6 14. Nf4
Bf5 15. e4 Bg6 16. Rd2 Kf8 17. Rhd1 Ke7 18. f3 Nc5 19. Kb2 Ne8 20. h4 Ne6 21.
Nfe2 f6 22. Bh3 N8c7 23. f4 Bf7 24. Bg4 Ra5 25. Bf3 h5 26. Rh1 Rda8 27. Nc1 c5
28. a4 Nd4 29. Bd1 f5 30. Re1 Kf8 31. exf5 Nxf5 32. g4 Nd4 33. gxh5 Rd8 34. Nd3
Raa8 35. f5 d5 36. cxd5 Nxd5 37. Nxd5 Rxd5 38. f6 gxf6 39. Nf4 Re5 40. Rg1 Re4
41. Rf2 f5 42. h6 Ke7 43. Rg7 Kf6 44. Bh5 Bxb3 45. Rxb7 Rxa4 46. Rxb6+ Be6 47.
Nd5+ Ke5 48. Nc3 Rxh4 49. Nxa4 Rxh5 50. Nxc5 Rxh6 51. Rd2 1/2-1/2

[Event "Politiken Cup"]
[Site "Copenhagen"]
[Date "2006.07.26"]
[Round "5.32"]
[White "Eddy, Samuel"]
[Black "Nielsen, Lars Aaes"]
[Result "1/2-1/2"]
[WhiteElo "2069"]
[BlackElo "2247"]
[PlyCount "38"]
[EventDate "2006.??.??"]

1. e4 e6 2. d4 d5 3. e5 c5 4. c3 Nc6 5. Nf3 Qb6 6. Bd3 Bd7 7. O-O cxd4 8. cxd4
Nb4 9. Be2 Bb5 10. Bxb5+ Qxb5 11. Nc3 Qa6 12. a3 Rc8 13. Bd2 Nc6 14. b4 Qb6 15.
Rc1 Nge7 16. Na4 Qb5 17. Rc5 Qd3 18. Rc3 Qb5 19. Rc5 Qd3 1/2-1/2

[Event "Politiken Cup"]
[Site "Copenhagen"]
[Date "2006.07.26"]
[Round "5.34"]
[White "Eriksson, Christian"]
[Black "Mikkelsen, Nikolaj"]
[Result "0-1"]
[WhiteElo "1982"]
[BlackElo "2236"]
[PlyCount "84"]
[EventDate "2006.??.??"]

1. e4 c5 2. Nf3 d6 3. d4 cxd4 4. Nxd4 Nf6 5. Nc3 a6 6. Bc4 e6 7. Bb3 b5 8. O-O
Be7 9. Qf3 Qc7 10. Re1 Nc6 11. Nxc6 Qxc6 12. a4 Bb7 13. axb5 axb5 14. Rxa8+
Bxa8 15. Qg3 O-O 16. Bh6 Ne8 17. Kh1 Bf6 18. Bd2 Nc7 19. f4 Na6 20. f5 Nc5 21.
fxe6 fxe6 22. Qg4 Qd7 23. Be3 Nxb3 24. cxb3 Be5 25. Nd5 Qf7 26. Nc3 b4 27. Na4
h5 28. Qe2 Bxe4 29. Nb6 d5 30. Bc5 h4 31. Nd7 Qxd7 32. Bxf8 Kxf8 33. Qh5 Bf6
34. Qh8+ Ke7 35. Ra1 Qb7 36. Ra8 Kd6 37. Rd8+ Bxd8 38. Qxd8+ Kc5 39. Qf8+ Kb5
40. Qe8+ Qc6 41. Qb8+ Ka6 42. Qf4 d4 0-1

[Event "Politiken Cup"]
[Site "Copenhagen"]
[Date "2006.07.26"]
[Round "5.35"]
[White "Royset, Paal"]
[Black "Grassie, Duncan"]
[Result "0-1"]
[WhiteElo "2228"]
[BlackElo "2042"]
[PlyCount "56"]
[EventDate "2006.??.??"]

1. e4 e6 2. d4 d5 3. Nc3 Nf6 4. Bd3 c5 5. exd5 cxd4 6. Bb5+ Bd7 7. Qxd4 Bxb5 8.
Nxb5 Nxd5 9. Bd2 Nc6 10. Qe4 Bc5 11. c4 Nf6 12. Qf4 e5 13. Qh4 a6 14. Na3 Nb4
15. Bxb4 Bxb4+ 16. Kf1 Qd3+ 17. Ne2 Ne4 18. f3 Nd2+ 19. Kf2 Bc5+ 20. Ke1 Rd8
21. Rc1 Qe3 22. Nc2 Qd3 23. b3 O-O 24. Qg3 e4 25. f4 Nf3+ 26. Kf1 Qd1+ 27. Rxd1
Rxd1+ 28. Qe1 Nd2# 0-1

[Event "Politiken Cup"]
[Site "Copenhagen"]
[Date "2006.07.26"]
[Round "5.36"]
[White "Quinn, David"]
[Black "Muratet Casadevall, Albert"]
[Result "0-1"]
[WhiteElo "2035"]
[BlackElo "2216"]
[PlyCount "108"]
[EventDate "2006.??.??"]

1. d4 Nf6 2. c4 g6 3. Nc3 Bg7 4. e4 d6 5. f3 O-O 6. Bg5 Na6 7. Nge2 c5 8. d5
Nc7 9. Ng3 a6 10. Qd2 Bd7 11. a4 b5 12. Bd3 bxc4 13. Bxc4 Rb8 14. O-O Rb4 15.
b3 Bc8 16. Rad1 Nd7 17. Na2 Rb8 18. Bh6 Bd4+ 19. Kh1 Re8 20. Ne2 Bf6 21. Nec3
Ne5 22. Rb1 Na8 23. Be2 Qc7 24. h3 Nd7 25. Be3 Nf8 26. Rfc1 Qd7 27. b4 cxb4 28.
Nxb4 Nc7 29. Nc6 Rxb1 30. Rxb1 e6 31. Bc4 exd5 32. Nxd5 Nxd5 33. Bxd5 Bg7 34.
Bb6 Bb7 35. Nb4 Bxd5 36. Qxd5 Qxa4 37. Qxd6 Qb5 38. Qc7 Re6 39. Ba5 Be5 40. Qd8
Rd6 41. Qe7 Qxa5 42. Nd5 Rxd5 43. exd5 Qxd5 44. Re1 Ne6 45. Qa7 a5 46. Qa6 Kg7
47. Qa7 h5 48. Qe3 Bd4 49. Qd2 Qg5 50. Qxg5 Nxg5 51. f4 Ne6 52. g3 a4 53. Kg2
a3 54. Re2 Bb2 0-1

[Event "Politiken Cup"]
[Site "Copenhagen"]
[Date "2006.07.26"]
[Round "5.37"]
[White "Jorgensen, Dennis"]
[Black "Strand, Haakon"]
[Result "1/2-1/2"]
[WhiteElo "2179"]
[BlackElo "2034"]
[PlyCount "43"]
[EventDate "2006.??.??"]

1. c4 Nf6 2. d4 c5 3. d5 e6 4. Nc3 exd5 5. cxd5 d6 6. e4 g6 7. Nf3 Bg7 8. Nd2
O-O 9. Be2 Re8 10. O-O Na6 11. Re1 Nc7 12. a4 Rb8 13. Qc2 a6 14. a5 Bd7 15. Nc4
Nb5 16. Nxb5 Bxb5 17. f3 Nh5 18. Be3 f5 19. Bd3 Bxc4 20. Bxc4 fxe4 21. fxe4 Be5
22. g3 1/2-1/2

[Event "Politiken Cup"]
[Site "Copenhagen"]
[Date "2006.07.26"]
[Round "5.38"]
[White "Brondum, Eric"]
[Black "Hansen, Herluf"]
[Result "1/2-1/2"]
[WhiteElo "2202"]
[BlackElo "2028"]
[PlyCount "77"]
[EventDate "2006.??.??"]

1. d4 Nf6 2. c4 g6 3. Nc3 Bg7 4. e4 d6 5. Nf3 O-O 6. h3 e5 7. d5 Nh5 8. g3 Qe8
9. Be2 f5 10. Nd2 Nf6 11. Qc2 a5 12. b3 Na6 13. a3 Nc5 14. f3 Bh6 15. g4 Bf4
16. Rg1 Kh8 17. Nf1 fxe4 18. fxe4 Nfd7 19. Be3 Qf7 20. Rg2 a4 21. bxa4 Nb6 22.
Rf2 Qe7 23. Bxf4 exf4 24. Nd2 Qg7 25. Rb1 Nbxa4 26. Nb5 c6 27. Nxd6 Qe5 28.
Nxc8 Raxc8 29. Kf1 Qc3 30. Qxc3+ Nxc3 31. Rb2 N3xe4 32. Nxe4 Nxe4 33. Rf3 cxd5
34. cxd5 Nd6 35. Rb6 Rcd8 36. h4 Kg7 37. Rb4 Ra8 38. a4 Ra5 39. Rbxf4 1/2-1/2

[Event "Politiken Cup"]
[Site "Copenhagen"]
[Date "2006.07.26"]
[Round "5.39"]
[White "Kirkegaard, Niels"]
[Black "Dragicevic, Drazen"]
[Result "1/2-1/2"]
[WhiteElo "2029"]
[BlackElo "2200"]
[PlyCount "135"]
[EventDate "2006.??.??"]

1. e4 c5 2. Nf3 Nc6 3. d4 cxd4 4. Nxd4 Nf6 5. Nc3 e5 6. Ndb5 d6 7. Bg5 a6 8.
Na3 b5 9. Nd5 Be7 10. Bxf6 Bxf6 11. c3 Ne7 12. c4 Nxd5 13. cxd5 Bg5 14. Qb3 O-O
15. Bd3 f5 16. O-O fxe4 17. Bxe4 Qb6 18. Qd3 h6 19. Nc2 Rf4 20. g3 Rf8 21. h4
Bd8 22. Ne3 Qa7 23. Nf5 Bb6 24. Rac1 Qd7 25. Rc6 Bc5 26. Rxc5 dxc5 27. d6 Bb7
28. Ne7+ Kh8 29. Ng6+ Kg8 30. Nxf8 Rxf8 31. Bxb7 Qxb7 32. d7 Rd8 33. Rd1 Qc7
34. Qd5+ Kh8 35. Qe6 c4 36. Rd6 b4 37. Qxe5 Kg8 38. Qe8+ Kh7 39. Rc6 Qxd7 40.
Qxd7 Rxd7 41. Rxc4 a5 42. a3 b3 43. Rc5 a4 44. Rc4 Rd2 45. Rxa4 Rxb2 46. Rb4
Kg6 47. a4 Kf6 48. a5 Ra2 49. Rxb3 Rxa5 50. Rb6+ Kf7 51. g4 h5 52. gxh5 Rxh5
53. Rb4 g5 54. hxg5 Rxg5+ 55. Kh2 Kf6 56. Kh3 Rg8 57. Rg4 Ra8 58. Kg3 Kf7 59.
Rb4 Ra6 60. f4 Rc6 61. Kg4 Ra6 62. f5 Rc6 63. Kg5 Ra6 64. Rb7+ Kf8 65. Rh7 Kg8
66. Rb7 Kf8 67. f6 Ra1 68. Rb8+ 1/2-1/2

[Event "Politiken Cup"]
[Site "Copenhagen"]
[Date "2006.07.26"]
[Round "5.40"]
[White "Petersen, Peter Birk"]
[Black "Preuss, Flemming"]
[Result "1/2-1/2"]
[WhiteElo "2186"]
[BlackElo "2023"]
[PlyCount "93"]
[EventDate "2006.??.??"]

1. e4 e5 2. Nf3 d6 3. Bc4 Be6 4. Bxe6 fxe6 5. d4 exd4 6. Nxd4 Nf6 7. Nc3 Qd7 8.
O-O Nc6 9. Be3 Be7 10. Qe2 O-O 11. Rad1 Rae8 12. f4 Nxd4 13. Bxd4 Qc6 14. b4 a6
15. a4 Qd7 16. b5 axb5 17. axb5 Bd8 18. Bxf6 Rxf6 19. e5 Rf5 20. Ne4 d5 21. Ng3
Rf7 22. c4 c6 23. bxc6 Bb6+ 24. Kh1 bxc6 25. Ne4 Ref8 26. Qg4 Kh8 27. Nd6 Re7
28. Rb1 Qc7 29. cxd5 cxd5 30. Rfc1 Bc5 31. Rb7 Bxd6 32. Rbxc7 Bxc7 33. Rc6 Bxe5
34. g3 Bf6 35. Rxe6 Rxe6 36. Qxe6 d4 37. Qc4 Rd8 38. Qd3 g6 39. g4 Bg7 40. h4
Rf8 41. Qe4 d3 42. Qxd3 Rxf4 43. Qd7 h6 44. h5 g5 45. Kg2 Rf8 46. Qe6 Rf6 47.
Qe8+ 1/2-1/2

[Event "Politiken Cup"]
[Site "Copenhagen"]
[Date "2006.07.26"]
[Round "5.41"]
[White "Hassan, Omar Elsayed"]
[Black "Nguyen, Michael"]
[Result "1/2-1/2"]
[WhiteElo "2153"]
[BlackElo "2009"]
[PlyCount "103"]
[EventDate "2006.??.??"]

1. e4 c6 2. d4 d5 3. e5 Bf5 4. h4 h5 5. c4 e6 6. Nc3 dxc4 7. Bxc4 Nd7 8. Nf3
Nb6 9. Bd3 Bxd3 10. Qxd3 Ne7 11. Bg5 Qd7 12. O-O Nf5 13. Rfd1 Be7 14. Ne4 Bxg5
15. Nfxg5 Nd5 16. g3 Qe7 17. a3 Rd8 18. Rac1 Nc7 19. Rc4 g6 20. Nh7 Nd5 21.
Nhf6+ Nxf6 22. Nxf6+ Kf8 23. b4 a6 24. Qc3 Nd6 25. Rc5 Nb5 26. Qe3 Kg7 27. a4
Nc7 28. Qb3 Rb8 29. Ne4 Rhd8 30. Qf3 Nd5 31. b5 cxb5 32. axb5 b6 33. Rc6 axb5
34. Rdc1 Qd7 35. Nf6 Qe7 36. Ne4 Qd7 37. Nd6 b4 38. g4 hxg4 39. Qxg4 b3 40.
R6c4 b5 41. Rc5 b2 42. Rb1 Qa7 43. Rc2 Rh8 44. Rcxb2 Qe7 45. Rxb5 Rxb5 46. Rxb5
Rxh4 47. Qg3 Rxd4 48. Rb7 Qh4 49. Rxf7+ Kh6 50. Qxh4+ Rxh4 51. Kg2 Kg5 52. Kf1
1/2-1/2

[Event "Politiken Cup"]
[Site "Copenhagen"]
[Date "2006.07.26"]
[Round "5.42"]
[White "Roder, Peter"]
[Black "Frisk, Ellinor"]
[Result "0-1"]
[WhiteElo "2131"]
[BlackElo "1998"]
[PlyCount "76"]
[EventDate "2006.??.??"]

1. d4 d5 2. c4 c6 3. Nf3 Nf6 4. Nc3 e6 5. Bg5 h6 6. Bxf6 Qxf6 7. e3 Nd7 8. Bd3
dxc4 9. Bxc4 Bd6 10. O-O Qe7 11. Qd3 O-O 12. Rad1 Rd8 13. Bb3 Nf8 14. e4 e5 15.
d5 c5 16. Nd2 Ng6 17. Qg3 Nf4 18. Rfe1 h5 19. Nf3 Bg4 20. h3 Bd7 21. Ne2 Nxe2+
22. Rxe2 b5 23. Bc2 c4 24. Nh4 a5 25. Re3 Rab8 26. Rf3 b4 27. Nf5 Bxf5 28. Rxf5
a4 29. Rxh5 b3 30. axb3 cxb3 31. Bd3 Rdc8 32. Rg5 Qf6 33. Rf5 Qh6 34. Qf3 a3
35. bxa3 b2 36. Rxf7 Rc1 37. Ra7 Rxd1+ 38. Qxd1 Qc1 0-1

[Event "Politiken Cup"]
[Site "Copenhagen"]
[Date "2006.07.26"]
[Round "5.43"]
[White "Stangeland, Karle"]
[Black "Gretarsson, Hjorvar Stein"]
[Result "1/2-1/2"]
[WhiteElo "1886"]
[BlackElo "2130"]
[PlyCount "72"]
[EventDate "2006.??.??"]

1. b3 d5 2. e3 Nf6 3. Bb2 g6 4. f4 Bg7 5. Nf3 O-O 6. Be2 c5 7. O-O b6 8. Ne5
Bb7 9. Bf3 Nbd7 10. d3 Nxe5 11. Bxe5 Nd7 12. Bxg7 Kxg7 13. Nd2 Qc7 14. g3 Rae8
15. e4 dxe4 16. Bxe4 f5 17. Bxb7 Qxb7 18. Qf3 Qxf3 19. Nxf3 e5 20. fxe5 Nxe5
21. Nxe5 Rxe5 22. Rae1 Rfe8 23. Rxe5 Rxe5 24. Kf2 Kf6 25. a4 a6 26. h4 h6 27.
Rh1 Ke6 28. c3 Kd5 29. Rd1 Re6 30. Kf3 g5 31. hxg5 hxg5 32. d4 c4 33. b4 Re4
34. Rh1 f4 35. gxf4 Rxf4+ 36. Ke3 Rg4 1/2-1/2

[Event "Politiken Cup"]
[Site "Copenhagen"]
[Date "2006.07.26"]
[Round "5.44"]
[White "Holst, Conny"]
[Black "Pettersen, Joar Gullestad"]
[Result "1-0"]
[WhiteElo "2124"]
[BlackElo "1956"]
[PlyCount "35"]
[EventDate "2006.??.??"]

1. d4 Nf6 2. c4 Nc6 3. Nf3 e6 4. Nc3 Bb4 5. Qc2 d6 6. Bd2 e5 7. d5 Bxc3 8. Bxc3
Ne7 9. Nd2 a5 10. g3 Nd7 11. e4 Nc5 12. Bg2 O-O 13. O-O Ng6 14. b3 Qe7 15. a3
f5 16. b4 axb4 17. axb4 Nxe4 18. Rxa8 1-0

[Event "Politiken Cup"]
[Site "Copenhagen"]
[Date "2006.07.26"]
[Round "5.45"]
[White "Grove, Peter"]
[Black "Kaaber, Jacob"]
[Result "1/2-1/2"]
[WhiteElo "1942"]
[BlackElo "2117"]
[PlyCount "37"]
[EventDate "2006.??.??"]

1. c4 e6 2. Nc3 d5 3. d4 Nf6 4. cxd5 exd5 5. Bg5 Be7 6. Qc2 c6 7. e3 Nbd7 8.
Bd3 O-O 9. Nf3 Re8 10. O-O h6 11. Bh4 Ne4 12. Bg3 Nxg3 13. hxg3 Nf6 14. Rab1 a5
15. a3 b6 16. Ne5 Bd7 17. Rfc1 Bd6 18. Nxd7 Nxd7 19. Bf5 1/2-1/2

[Event "Politiken Cup"]
[Site "Copenhagen"]
[Date "2006.07.26"]
[Round "5.47"]
[White "Soraas, Torben"]
[Black "Wilsbeck, Jan B"]
[Result "1-0"]
[WhiteElo "2115"]
[BlackElo "1944"]
[PlyCount "49"]
[EventDate "2006.??.??"]

1. e4 c5 2. Nc3 e6 3. g3 Nc6 4. Bg2 Be7 5. f4 d6 6. Nf3 Qc7 7. O-O a6 8. d3 Nf6
9. h3 Rb8 10. Be3 b5 11. Ne2 h5 12. Nh2 g6 13. c3 b4 14. c4 e5 15. b3 Nd4 16.
Rf2 Be6 17. Bxd4 cxd4 18. Qd2 Kf8 19. Raf1 Kg7 20. Nf3 Nh7 21. f5 Bc8 22. fxg6
fxg6 23. Nxe5 dxe5 24. Rf7+ Kg8 25. Qh6 1-0

[Event "Politiken Cup"]
[Site "Copenhagen"]
[Date "2006.07.26"]
[Round "5.48"]
[White "Holstein, Erik"]
[Black "Jensen, Paul Johan"]
[Result "1-0"]
[WhiteElo "2105"]
[BlackElo "1893"]
[PlyCount "55"]
[EventDate "2006.??.??"]

1. f4 Nf6 2. Nf3 g6 3. g3 Bg7 4. Bg2 O-O 5. O-O d6 6. Nc3 Nc6 7. d4 Bg4 8. d5
Nb8 9. h3 Bxf3 10. Bxf3 c5 11. g4 Qa5 12. a4 Nbd7 13. Bd2 Rfb8 14. g5 Ne8 15.
h4 Qd8 16. e4 e5 17. f5 gxf5 18. exf5 f6 19. Be4 Nc7 20. Qh5 b5 21. axb5 c4 22.
g6 hxg6 23. fxg6 Nc5 24. Qh7+ Kf8 25. h5 Nxb5 26. h6 Qe7 27. hxg7+ Qxg7 28. Bh6
1-0

[Event "Politiken Cup"]
[Site "Copenhagen"]
[Date "2006.07.26"]
[Round "5.49"]
[White "Zachariassen, John"]
[Black "Madland, Kristoffer"]
[Result "1-0"]
[WhiteElo "1831"]
[BlackElo "2100"]
[PlyCount "97"]
[EventDate "2006.??.??"]

1. c4 Nf6 2. Nc3 g6 3. g3 Bg7 4. Bg2 O-O 5. Nf3 d6 6. d4 Qe8 7. O-O Na6 8. e4
e5 9. h3 Nh5 10. dxe5 dxe5 11. Qe2 c6 12. Re1 Nc7 13. Be3 Ne6 14. Rad1 c5 15.
Nd5 Bd7 16. Ng5 Rc8 17. Nxe6 Bxe6 18. Qd2 f5 19. Bg5 Rf7 20. Kh2 Qf8 21. exf5
gxf5 22. Qe2 Nf6 23. Nxf6+ Bxf6 24. Bxf6 Rxf6 25. Qxe5 Bxc4 26. b3 Bb5 27. Bxb7
Re8 28. Bd5+ Kh8 29. Qc3 Rxe1 30. Rxe1 Kg7 31. Re6 a6 32. a4 Bd7 33. Rxa6 Kg6
34. Rxf6+ Qxf6 35. Qxc5 f4 36. Be4+ Kh6 37. Qc1 Qd4 38. Qxf4+ Kg7 39. Qe3 Qb2
40. Bd5 Kf8 41. Kg2 Qg7 42. a5 Qa1 43. Qc5+ Ke8 44. Bb7 Kd8 45. a6 Bxh3+ 46.
Kxh3 Qf1+ 47. Kh2 Qe2 48. a7 Qh5+ 49. Qxh5 1-0

[Event "Politiken Cup"]
[Site "Copenhagen"]
[Date "2006.07.26"]
[Round "5.50"]
[White "Christensen, Emilie Ellegaard"]
[Black "Lahlum, Hans Olav"]
[Result "0-1"]
[WhiteElo "1509"]
[BlackElo "2264"]
[PlyCount "118"]
[EventDate "2006.??.??"]

1. d4 d5 2. Nf3 e6 3. Bf4 Nf6 4. e3 c5 5. c3 Nc6 6. Bd3 Bd6 7. Bg3 O-O 8. Nbd2
Qe7 9. Ne5 Nd7 10. Qh5 g6 11. Bxg6 fxg6 12. Nxg6 Qf7 13. Bxd6 hxg6 14. Qh4 Qf6
15. Qg3 Re8 16. h4 e5 17. dxc5 e4 18. h5 Nde5 19. Nb3 g5 20. O-O-O Nd3+ 21. Kb1
Kh7 22. Rd2 Ne7 23. Nc1 Nf5 24. Qh2 Nxd6 25. cxd6 Rd8 26. Nxd3 exd3 27. Rg1
Qxd6 28. Qxd6 Rxd6 29. g4 Rf6 30. Rxd3 Be6 31. Rg2 Raf8 32. Rd2 Rf3 33. Kc1 Rh3
34. Kd1 Rh4 35. Rd4 Kg7 36. Ra4 a6 37. Rb4 b5 38. a4 Bd7 39. axb5 axb5 40. Kd2
Rc8 41. Rd4 Be6 42. Rb4 Rc5 43. Kd3 Kf6 44. b3 Rh1 45. Kc2 Ra1 46. Kb2 Re1 47.
Kc2 Bg8 48. Kd2 Ra1 49. Rh2 Bh7 50. c4 dxc4 51. bxc4 Rxc4 52. Rxc4 bxc4 53. Rh3
Ra3 54. Rf3+ Ke7 55. Kc1 c3 56. Rf5 Bxf5 57. gxf5 g4 58. h6 Kf6 59. e4 Ra2 0-1

[Event "Politiken Cup"]
[Site "Copenhagen"]
[Date "2006.07.26"]
[Round "5.51"]
[White "Pluemer, Detlef"]
[Black "Muratet Casadevall, Elias"]
[Result "1-0"]
[WhiteElo "2237"]
[BlackElo "1978"]
[PlyCount "59"]
[EventDate "2006.??.??"]

1. d4 d6 2. c4 Nf6 3. Nc3 g6 4. e4 Bg7 5. Nge2 O-O 6. Ng3 c5 7. d5 e6 8. Be2
exd5 9. exd5 Re8 10. Bf4 a6 11. O-O Bf8 12. Qd2 Nbd7 13. Bg5 Bg7 14. a4 Ne5 15.
f4 Neg4 16. Bxg4 Bxg4 17. f5 Bxf5 18. Nxf5 gxf5 19. Rxf5 Re5 20. Rxe5 dxe5 21.
Rf1 h6 22. Bxh6 Ng4 23. Bxg7 Kxg7 24. Ne4 Rc8 25. h3 Nh6 26. Nf6 Qf8 27. Qg5+
Kh8 28. Qh5 Qg7 29. Ng4 Rg8 30. Qxh6+ 1-0

[Event "Politiken Cup"]
[Site "Copenhagen"]
[Date "2006.07.26"]
[Round "5.52"]
[White "Svanholm, Borge Waaktaar"]
[Black "Wiwe, Andreas"]
[Result "0-1"]
[WhiteElo "1978"]
[BlackElo "2215"]
[PlyCount "100"]
[EventDate "2006.??.??"]

1. c4 g6 2. d4 f5 3. Nf3 Nf6 4. g3 Bg7 5. Bg2 O-O 6. O-O d6 7. Nc3 Qe8 8. d5 a5
9. Rb1 Na6 10. b3 Bd7 11. Bb2 Nc5 12. Nd4 c6 13. Re1 g5 14. f3 f4 15. e4 fxg3
16. hxg3 Nh5 17. Nce2 Be5 18. g4 Nf6 19. Nf5 Bxb2 20. Rxb2 Bxf5 21. exf5 cxd5
22. cxd5 Qf7 23. Nc3 Nfd7 24. Qd4 Qf6 25. Qe3 Ne5 26. Bf1 h5 27. Rg2 hxg4 28.
fxg4 Kg7 29. Be2 Rh8 30. Kf2 Rh4 31. Reg1 Rah8 32. a3 Nf7 33. b4 axb4 34. axb4
Nd7 35. Ne4 Qe5 36. Ng3 Nf6 37. Qxe5 Nxe5 38. Nh5+ Nxh5 39. gxh5 Nf7 40. Rb1
Rf4+ 41. Ke3 Rxf5 42. Bf3 Kf6 43. Rc1 Rf4 44. b5 Ra8 45. Be2 Ra3+ 46. Kd2 Ra2+
47. Ke1 Ne5 48. Rc7 Nd3+ 49. Kd1 Rh4 50. Rc2 Rxc2 0-1

[Event "Politiken Cup"]
[Site "Copenhagen"]
[Date "2006.07.26"]
[Round "5.53"]
[White "Nielsen, Preben"]
[Black "Ostergaard, Rasmus"]
[Result "0-1"]
[WhiteElo "1972"]
[BlackElo "2173"]
[PlyCount "130"]
[EventDate "2006.??.??"]

1. d4 d5 2. Nf3 Nf6 3. c4 e6 4. e3 Be7 5. Nc3 O-O 6. Be2 a6 7. O-O dxc4 8. Bxc4
b5 9. Be2 Bb7 10. a3 c5 11. dxc5 Bxc5 12. b4 Bd6 13. Bb2 Nc6 14. Rc1 Rc8 15.
Rc2 Qe7 16. Rd2 Rfd8 17. Qb1 Ne5 18. Rfd1 Nxf3+ 19. Bxf3 Bxf3 20. gxf3 Be5 21.
Ne2 Rxd2 22. Rxd2 Bxb2 23. Qxb2 Qc7 24. Qd4 h6 25. Qd6 Qc6 26. Qxc6 Rxc6 27.
Rd8+ Kh7 28. Rf8 Nd7 29. Ra8 e5 30. Ra7 Rd6 31. Ng3 Nf6 32. Nf5 Rc6 33. Kg2 Re6
34. e4 Kg6 35. Ne7+ Kg5 36. h4+ Kh5 37. Nf5 Kg6 38. Ne3 Nh5 39. Nd5 Nf4+ 40.
Nxf4+ exf4 41. Kh3 h5 42. Kg2 Rc6 43. Rd7 Kf6 44. Rd5 g6 45. Rd7 Ke6 46. Rd3
Rc1 47. Kh2 Rc6 48. Kg2 Rd6 49. Rc3 Kd7 50. Kg1 Rc6 51. Rd3+ Kc7 52. Kg2 Rd6
53. Rc3+ Kb6 54. Kh2 Rd7 55. Kg2 a5 56. Kh2 a4 57. Kg2 Rd6 58. Kh2 Rd1 59. Kg2
Rb1 60. Rd3 Rb3 61. Rd5 Rxa3 62. Rd6+ Kc7 63. Rf6 Rd3 64. Rxf7+ Rd7 65. Rxf4 a3
0-1